Plus ou moins de 1000 habitants ? - Mort Subite - Statistiques

Statistiques générales
  • Ce quiz a été pris 57 fois
  • Le résultat moyen est 3 sur 18
Answers on the Grid
Answers color-coded by a green-red scale on the quiz's grid according to % correct below.
Cordes-sur-Ciel
Le Mont-Saint-Michel
Yèvre-la-Ville
Moncontour
(Côtes-d'Armor)
Rochefourchat
Rocamadour
Baume-les-Messieurs
Camembert
Saint-Nectaire
Roquefort-sur-Soulzon
Saint-Cirq-Lapopie
Castelmoron-d'Albret
Lamanère
Rochefort-en-Terre
Source-Seine
Sixt-Fer-à-Cheval
Zuytpeene
L'Hospitalet-près-l'Andorre
Gordes
Groix
L'Île-Rousse
Espelette
Bourg-Madame
Maroilles
L'Île-d'Yeu
Montignac-Lascaux
Bray-Dunes
Maripasoula
Bergues
Vatan
Largentière
Valréas
 
Statistiques - réponses
Réponse % Correct
23 hab. Le Mont-Saint-Michel
31%
597 hab. Rocamadour
31%
50 hab. Castelmoron-d'Albret
28%
201 hab. Saint-Cirq-Lapopie
23%
736 hab. Sixt-Fer-à-Cheval
23%
168 hab. Camembert
21%
879 hab. Cordes-sur-Ciel
21%
85 hab. L'Hospitalet-près-l'Andorre
21%
475 hab. Roquefort-sur-Soulzon
21%
738 hab.
Moncontour
(Côtes-d'Armor)
15%
2 hab. Rochefourchat
15%
652 hab. Yèvre-la-Ville
15%
822 hab. Saint-Nectaire
13%
62 hab. Lamanère
10%
647 hab. Rochefort-en-Terre
10%
160 hab. Baume-les-Messieurs
8%
60 hab. Source-Seine
8%
557 hab. Zuytpeene
8%
Aucun quiz correspondant
Distribution des résultats
% des personnes avec chaque résultat
Percentile par nombre de réponses
Votre historique - résultats
Vous n’avez pas pris ce quiz